000
00279nam a2200121Ia 4500
008
190216s9999||||xx |||||||||||||| ||und||
100
_a
Gupta R R & Gupta V S
245
0
_a
Elements Of Income Tax
260
_b
Null
_c
1978
300
_a
414p
650
_a
Commerce
942
_c
BK
999
_c
4394
_d
4394